Celebrities Who Dated Quiz Stats

Quiz not verified by Sporcle

Challenge
Share
Tweet
Embed
Score 0/20 Timer 07:00
0 Plays Today
Can you name these famous people who use Name % Correct
Ben AffleckJennifer Lopez
82.7%
P. DiddyJennifer Lopez
82.7%
Penelope CruzTom Cruise
73.9%
RhiannaChris Brown
69.2%
Gwyneth PaltrowBrad Pitt
65.1%
Tate DonovanJennifer Aniston
37.6%
Bridget MoynahanTom Brady
35.3%
Eddie MurphyMelanie Brown
32.9%
Julia RobertsKiefer Sutherland
30.8%
Matt DamonMinnie Driver
26.8%
Can you name these famous people who use Name % Correct
Katie HolmesChris Klein
22.7%
Gabriel Aubry Halle Berry
18.6%
Leonardo DicaprioGisele Bundchen
16.9%
50 centVivica A. Fox
16.3%
Jennifer GarnerMichael Vartan
13.6%
Sarah Jessica ParkerRobert Downey Jr.
12.9%
Cameron DiazMatt Dillon
11.9%
Sandra BullockTate Donovan
11.2%
UsherChili
9.2%
Stephanie SeymourAxl Rose
8.5%

You're not logged in!

Compare scores with friends on all Sporcle quizzes.
Sign Up with Email
OR
Log In

You Might Also Like...

Show Comments

Extras

Top Quizzes Today


Score Distribution

Your Account Isn't Verified!

In order to create a playlist on Sporcle, you need to verify the email address you used during registration. Go to your Sporcle Settings to finish the process.

Report this User

Report this user for behavior that violates our Community Guidelines.

Details: